| 000 | 00884nac a22002411u 4500 | ||
|---|---|---|---|
| 010 | _a 92040109 | ||
| 020 | _a0070163138 : | ||
| 082 | 0 | 0 |
_a620.11296 _bDEH |
| 090 |
_c6547 _d6547 |
||
| 100 | _aDeHoff, Robert T. | ||
| 245 | 1 | 0 |
_aThermodynamics in materials science / _cRobert T. DeHoff. |
| 260 |
_aNew York : _bMcGraw-Hill,c1993. _cc1993. |
||
| 300 |
_axv, 532 p. : _bill. ; _c24 cm. |
||
| 440 | 0 | _aMcGraw-Hill series in materials science and engineering | |
| 500 | _aIncludes index. | ||
| 500 | _aDistributer: Al-Ahram. | ||
| 511 | _aCatalogued By: Mahitab. | ||
| 650 | 0 | _aMaterials science. | |
| 650 | 0 | _aThermodynamics. | |
| 856 | 4 | 2 |
_3Publisher description _uhttp://www.loc.gov/catdir/description/mh022/92040109.html |
| 856 | 4 | 2 |
_3Table of contents _uhttp://www.loc.gov/catdir/toc/mh021/92040109.html |
| 942 |
_cBB _k620.11296DEH |
||
| 999 |
_c6547 _d6547 |
||